|
|
|
|
| LEADER |
00000nas a2200000 a 4500 |
| 001 |
ssj0001853 |
| 003 |
WaSeSS |
| 005 |
20200512172242.0 |
| 006 |
m d |
| 007 |
cr n |
| 008 |
021002c19839999ncuqr pss 0 a0eng c |
| 010 |
|
|
|a 2008233398
|
| 015 |
|
|
|a GBB407813
|2 bnb
|
| 016 |
7 |
|
|a 2068502 6
|2 DE-600
|
| 016 |
7 |
|
|a 012434612
|2 Uk
|
| 022 |
|
|
|a 1476-2870
|l 0736-0053
|y 0736-0053
|
| 035 |
|
|
|a (WaSeSS)ssj0001853
|
| 037 |
|
|
|b Project Muse, The Johns Hopkins University Press, 2715 N. Charles Street, Baltimore, Maryland 21211
|
| 040 |
|
|
|a F#A
|b eng
|c F#A
|d OCLCQ
|d AZN
|d BMC
|d GUA
|d OCLCQ
|d AGL
|d COO
|d OCLCO
|d EUW
|d OCLCO
|d OCLCF
|d OCLCO
|d OCLCQ
|d OCLCO
|d NLE
|d EZC
|d OCLCA
|d GILDS
|d OCLCO
|d UKMGB
|d VT2
|d SFB
|d WaSeSS
|
| 042 |
|
|
|a pcc
|
| 050 |
1 |
4 |
|a ML1699
|
| 070 |
0 |
|
|a ML1699
|b .O65
|
| 080 |
|
|
|a 782.1/05
|2 19
|
| 082 |
0 |
4 |
|a 782.1
|
| 130 |
0 |
|
|a Opera quarterly (Online)
|
| 210 |
0 |
|
|a Opera q.
|b (online)
|
| 222 |
|
4 |
|a The opera quarterly
|b (Online)
|
| 245 |
1 |
4 |
|a The opera quarterly
|h [electronic resource].
|
| 260 |
|
|
|a [Chapel Hill, NC] :
|b Oxford University Press
|
| 310 |
|
|
|a Quarterly
|
| 362 |
1 |
|
|a Began with vol. 1, no. 1 (spring 1983).
|
| 506 |
|
|
|a License restrictions may limit access.
|
| 538 |
|
|
|a Mode of access: World Wide Web.
|
| 588 |
|
|
|a Description based on first issue; title from journal information screen (ScienceDirect, viewed Mar. 4, 2013).
|
| 588 |
|
|
|a Latest issue consulted: Vol. 28, issue 1-2 (winter-spring 2012) (viewed Mar. 4, 2008).
|
| 650 |
|
0 |
|a Opera
|v Periodicals.
|
| 650 |
|
6 |
|a Opéra
|v Périodiques.
|
| 650 |
|
7 |
|a Opera.
|2 fast
|0 (OCoLC)fst01046145
|
| 655 |
|
0 |
|a Electronic journals.
|
| 776 |
0 |
8 |
|i Print version:
|t Opera quarterly
|x 0736-0053
|w (DLC) 83644370
|w (OCoLC)9068655
|
| 856 |
4 |
0 |
|z Full text available from Research Library: 01/01/1997 to 04/30/1999
|u https://search.proquest.com/publication/36848
|